Online
Catalog

El internacionalismo antimperialista en la obra político revolucionaria de José Martí / (Record no. 51418)

MARC details
000 -CABECERA
campo de control de longitud fija 00786nam a22002297a 4500
003 - IDENTIFICADOR DEL NÚMERO DE CONTROL
campo de control DO-SdBNP
005 - FECHA Y HORA DE LA ÚLTIMA TRANSACCIÓN
campo de control 20220211120330.0
007 - CAMPO FIJO DE DESCRIPCIÓN FÍSICA--INFORMACIÓN GENERAL
campo de control de longitud fija ta
008 - DATOS DE LONGITUD FIJA--INFORMACIÓN GENERAL
campo de control de longitud fija 220211b1935 ||||e |||| 00| 0 spa d
040 ## - FUENTE DE LA CATALOGACIÓN
Centro catalogador/agencia de origen DO-SdBNP
Lengua de catalogación spa
Centro/agencia transcriptor BNPHU
082 ## - NÚMERO DE LA CLASIFICACIÓN DECIMAL DEWEY
Número de edición 22
Número de clasificación 923.27291
Número de documento/Ítem R741i
100 ## - ENTRADA PRINCIPAL--NOMBRE DE PERSONA
9 (RLIN) 41278
Nombre de persona Roig de Leuchsenring, Emilio,
Fechas asociadas al nombre 1889-1964
245 1# - MENCIÓN DE TÍTULO
Título El internacionalismo antimperialista en la obra político revolucionaria de José Martí /
Mención de responsabilidad, etc. Emilio Roig De Leuchsenring
260 ## - PUBLICACIÓN, DISTRIBUCIÓN, ETC.
Lugar de publicación, distribución, etc. La Habana :
Nombre del editor, distribuidor, etc. Molina y Cía.,
Fecha de publicación, distribución, etc. 1935.
300 ## - DESCRIPCIÓN FÍSICA
Extensión (14 p.) :
Dimensiones 24 cm
650 4# - PUNTO DE ACCESO ADICIONAL DE MATERIA--TÉRMINO DE MATERIA
Término de materia o nombre geográfico como elemento de entrada Ideas políticas
Subdivisión general Martí, José
Subdivisión geográfica Cuba
9 (RLIN) 81224
650 40 - PUNTO DE ACCESO ADICIONAL DE MATERIA--TÉRMINO DE MATERIA
Término de materia o nombre geográfico como elemento de entrada Ideología política
9 (RLIN) 8964
650 40 - PUNTO DE ACCESO ADICIONAL DE MATERIA--TÉRMINO DE MATERIA
Término de materia o nombre geográfico como elemento de entrada Pensamiento político
9 (RLIN) 34952
Subdivisión de forma José Martí
650 40 - PUNTO DE ACCESO ADICIONAL DE MATERIA--TÉRMINO DE MATERIA
9 (RLIN) 14779
Término de materia o nombre geográfico como elemento de entrada Héroes
Subdivisión geográfica Cuba
910 ## - DATOS DE OPCIÓN DEL USUARIO (OCLC)
Datos de opción del usuario Saquino
942 ## - ELEMENTOS DE PUNTO DE ACCESO ADICIONAL (KOHA)
Fuente del sistema de clasificación o colocación Dewey Decimal Classification
Tipo de ítem Koha Libro
Holdings
Estado de retiro Estado de pérdida Fuente del sistema de clasificación o colocación Restricciones de uso No para préstamo Código de colección Localización permanente Ubicación/localización actual Ubicación en estantería Fecha de adquisición Fuente de adquisición Total de préstamos Signatura topográfica completa Código de barras Fecha visto por última vez Precio válido a partir de Tipo de ítem Koha Nota pública
    Dewey Decimal Classification Préstamo restringido   General Biblioteca Nacional Pedro Henríquez Ureña Biblioteca Nacional Pedro Henríquez Ureña En catalogación 16.01.2008 Donado   BNPHU SG-RV 923.27291 R741i 1935 2022-0760 11.02.2022 11.02.2022 Libro S/A

Powered by Koha